[Event "World Rapid Women 2017"]
[Site "Riyadh KSA"]
[Date "2017.12.28"]
[Round "11.19"]
[White "Hoang, Thi Bao Tram"]
[Black "Savina, Anastasia"]
[Result "1-0"]
[WhiteTitle "WGM"]
[BlackTitle "IM"]
[WhiteElo "2410"]
[BlackElo "2350"]
[WhiteFideId "12401102"]
[BlackFideId "4196872"]
[EventDate "2017.12.26"]

1. d4 Nf6 2. Nf3 e6 3. Bg5 d5 4. e3 h6 5. Bh4 Be7 6. Nbd2 b6 7. Bd3 Bb7 8. O-O
O-O 9. Ne5 c5 10. c3 Nbd7 11. f4 Ne4 12. Bxe7 Qxe7 13. Ndf3 Rfd8 14. Qe2 Nf8 15.
Rad1 f6 16. Ng4 c4 17. Bb1 b5 18. Nd2 Rdc8 19. Nxe4 dxe4 20. f5 Bd5 21. h3 Rab8
22. Qf2 b4 23. Qg3 Kh7 24. Qf4 Qc7 25. fxe6 Qxf4 26. Rxf4 Nxe6 27. Bxe4+ Bxe4
28. Rxe4 bxc3 29. bxc3 Ng5 30. Re7 Kg8 31. d5 Rb2 32. d6 Rd8 33. Rc7 Ne4 34. d7
Kf7 35. Rxc4 Ng3 36. Kh2 Nf5 37. e4 Nh4 38. Ne3 Nf3+ 39. Kg3 Ne5 40. Rcd4 Rxa2
41. Nf5 Ra3 42. Nd6+ Ke7 43. Nf5+ Kf7 44. Nd6+ Ke7 45. Nb5 Rb3 46. Rb4 Rxb4 47.
cxb4 Nc6 48. Nc7 Nxb4 49. Rb1 Rxd7 50. Nb5 Nc6 51. Ra1 Rb7 52. Na3 Ne5 53. Nc2
Kf7 54. Ra4 Rc7 55. Nd4 Kg6 56. Nb5 Rb7 57. Nxa7 Rb3+ 58. Kh2 Rb2 59. Ra3 h5 60.
Nc8 Re2 61. Ne7+ Kh7 62. Nf5 h4 63. Nxh4 Rxe4 64. Nf5 Rf4 65. g4 Nxg4+ 66. hxg4
Rxg4 67. Ne7 Rh4+ 68. Kg3 Re4 69. Ra7 Re5 70. Kf4 Rg5 71. Ra1 Rh5 72. Rg1 Rh4+
73. Kf5 Kh6 74. Ke6 Re4+ 75. Kf7 Kh5 76. Nf5 g5 77. Ng3+ 1-0

[Event "World Rapid Women 2017"]
[Site "Riyadh KSA"]
[Date "2017.12.28"]
[Round "11.20"]
[White "Assaubayeva, Bibisara"]
[Black "Cori T., Deysi"]
[Result "1-0"]
[WhiteTitle "FM"]
[BlackTitle "WGM"]
[WhiteElo "2381"]
[BlackElo "2389"]
[WhiteFideId "13708694"]
[BlackFideId "3801934"]
[EventDate "2017.12.26"]

1. d4 Nf6 2. c4 e6 3. Nf3 d5 4. Nc3 Be7 5. Bg5 O-O 6. e3 Nbd7 7. Bd3 dxc4 8.
Bxc4 a6 9. O-O b5 10. Bd3 Bb7 11. Rc1 h6 12. Bh4 c5 13. Qe2 cxd4 14. Nxd4 Nc5
15. Bb1 b4 16. Nd1 Qd5 17. f3 Rac8 18. Nf2 a5 19. Rfd1 Ba6 20. Qe1 Qb7 21. e4
Nh5 22. Bxe7 Qxe7 23. Qe3 Qg5 24. Qxg5 hxg5 25. e5 Nf4 26. g3 Nd5 27. Ne4 Nxe4
28. Bxe4 Ne3 29. Re1 Rxc1 30. Rxc1 Rd8 31. Nc6 Rd1+ 32. Rxd1 Nxd1 33. Nxa5 Nxb2
34. Nc6 Bc4 35. Nxb4 f5 36. exf6 gxf6 37. Kf2 f5 38. Bc6 Kf7 39. Ke3 Ke7 40. Kd4
Bf1 41. Kc5 Nd1 42. a4 e5 43. a5 Nc3 44. a6 e4 45. fxe4 Nxe4+ 46. Bxe4 Bxa6 47.
Nxa6 fxe4 1-0

[Event "World Rapid Women 2017"]
[Site "Riyadh KSA"]
[Date "2017.12.28"]
[Round "11.21"]
[White "Stefanova, Antoaneta"]
[Black "Buksa, Nataliya"]
[Result "1-0"]
[WhiteTitle "GM"]
[BlackTitle "WGM"]
[WhiteElo "2500"]
[BlackElo "2385"]
[WhiteFideId "2902257"]
[BlackFideId "14123622"]
[EventDate "2017.12.26"]

1. Nf3 Nf6 2. g3 d5 3. Bg2 c5 4. O-O Nc6 5. d4 e6 6. c4 Be7 7. cxd5 exd5 8. dxc5
Bxc5 9. a3 a5 10. Nc3 Be6 11. Bf4 h6 12. Rc1 Bd6 13. Bxd6 Qxd6 14. Nb5 Qd7 15.
Nbd4 O-O 16. Qa4 Rfc8 17. Nxc6 bxc6 18. Ne5 Qd6 19. Nd3 c5 20. Rfd1 Qb6 21. Rd2
Rab8 22. Nf4 Rd8 23. Qc2 Rbc8 24. Nxe6 Qxe6 25. Rcd1 Rd7 26. Qa4 Ra7 27. Bxd5
Nxd5 28. Rxd5 Qxe2 29. R5d2 Qe7 30. Qc4 Qf6 31. b3 Ra6 32. Rd5 Rac6 33. Kg2 g6
34. R1d2 Kg7 35. R2d3 R8c7 36. Rf3 Qb2 37. a4 h5 38. h4 Qa1 39. Rg5 Qd1 40. Rd5
Qe1 41. Rg5 Kg8 42. g4 hxg4 43. Rxg4 Qe6 44. Qxe6 Rxe6 45. Rc3 Kf8 46. Rg5 Rec6
47. Rc4 Ke7 48. h5 gxh5 49. Rxh5 Kd6 50. Rh3 Re7 51. Rh8 Kc7 52. Ra8 Kb6 53. Rf8
Rg6+ 54. Kf3 Rd6 55. Rb8+ Rb7 56. Rxb7+ Kxb7 57. Rxc5 Rd3+ 58. Kg4 Rxb3 59. Rxa5
Kb6 60. Rf5 Ra3 61. Rf4 Kc6 62. Kg5 Kd6 63. Kf6 Ra2 64. f3 Ra3 65. Kg5 Ke6 66.
Re4+ Kd5 67. Kf4 Kd6 68. Rb4 1-0

[Event "World Rapid Women 2017"]
[Site "Riyadh KSA"]
[Date "2017.12.28"]
[Round "11.22"]
[White "Tan, Zhongyi"]
[Black "Kovanova, Baira"]
[Result "1/2-1/2"]
[WhiteTitle "GM"]
[BlackTitle "WGM"]
[WhiteElo "2517"]
[BlackElo "2367"]
[WhiteFideId "8603642"]
[BlackFideId "4164083"]
[EventDate "2017.12.26"]

1. d4 Nf6 2. Nf3 e6 3. c4 Bb4+ 4. Nc3 b6 5. e3 Bb7 6. Bd3 Ne4 7. Qc2 f5 8. O-O
Bxc3 9. bxc3 O-O 10. Nd2 Nxd2 11. Bxd2 Qh4 12. f3 Nc6 13. Be1 Qg5 14. Qe2 Ba6
15. Bd2 Qh5 16. Rab1 Rae8 17. Rfe1 e5 18. d5 Na5 19. e4 fxe4 20. Qxe4 Nb7 21.
Qe2 Nc5 22. Rb4 d6 23. Be3 Nxd3 24. Qxd3 Bc8 25. Qd2 a5 26. Rb2 Ba6 27. c5 bxc5
28. Qc2 Qh4 29. Bf2 Qc4 30. Qd2 e4 31. fxe4 Rxe4 32. h3 Rxe1+ 33. Bxe1 Qe4 34.
Kh2 h5 35. h4 Bc4 36. Rb7 Bxd5 37. Rxc7 Qf4+ 38. Qxf4 Rxf4 39. Bg3 Rc4 40. Bxd6
Rxc3 41. Be5 Rc4 42. Rxg7+ Kf8 43. Rg5 Rxh4+ 44. Kg3 Rg4+ 45. Rxg4 hxg4 46. Bd6+
Kf7 47. Bxc5 1/2-1/2

[Event "World Rapid Women 2017"]
[Site "Riyadh KSA"]
[Date "2017.12.28"]
[Round "11.23"]
[White "Hoang, Thanh Trang"]
[Black "Munguntuul, Batkhuyag"]
[Result "1-0"]
[WhiteTitle "GM"]
[BlackTitle "IM"]
[WhiteElo "2439"]
[BlackElo "2397"]
[WhiteFideId "12400149"]
[BlackFideId "4900758"]
[EventDate "2017.12.26"]

1. d4 d5 2. c4 c6 3. Nf3 Nf6 4. e3 Bf5 5. Nc3 e6 6. Nh4 Bg6 7. Nxg6 hxg6 8. Bd3
c5 9. cxd5 exd5 10. dxc5 Bxc5 11. Qb3 Qd7 12. Bd2 Nc6 13. O-O-O O-O 14. Ne2 Rac8
15. Kb1 Ne5 16. h3 Rfd8 17. Ka1 Ne4 18. Bxe4 dxe4 19. Ba5 Nd3 20. Bxd8 Rxd8 21.
Nf4 g5 22. Nxd3 exd3 23. Rd2 b6 24. Rhd1 Qf5 25. f3 Bxe3 26. Rxd3 Rxd3 27. Qxd3
Qxd3 28. Rxd3 Bc5 29. Rd8+ Kh7 30. Rd7 f5 31. Rxa7 f4 32. a3 Kg6 33. b4 Bd4+ 34.
Ka2 Kh5 35. Rd7 Be5 36. a4 Kh4 37. a5 bxa5 38. bxa5 1-0

[Event "World Rapid Women 2017"]
[Site "Riyadh KSA"]
[Date "2017.12.28"]
[Round "11.24"]
[White "Zawadzka, Jolanta"]
[Black "Hoolt, Sarah"]
[Result "1/2-1/2"]
[WhiteTitle "WGM"]
[BlackTitle "WGM"]
[WhiteElo "2424"]
[BlackElo "2405"]
[WhiteFideId "1122320"]
[BlackFideId "24606812"]
[EventDate "2017.12.26"]

1. e4 c5 2. Nf3 e6 3. d4 cxd4 4. Nxd4 Nc6 5. Nb5 d6 6. c4 Nf6 7. N1c3 a6 8. Nd4
Be7 9. Be2 O-O 10. O-O Qc7 11. Be3 b6 12. Nxc6 Qxc6 13. Bf3 e5 14. Rc1 Be6 15.
Nd5 Bd8 16. Qd2 Nd7 17. Rfd1 a5 18. b3 Nc5 19. Qc2 Qd7 20. h3 f5 21. exf5 Bxf5
22. Qe2 Ra7 23. Bg4 Qe6 24. Bxc5 bxc5 25. Ne3 Bxg4 26. Qxg4 Qf6 27. Rc2 Raf7 28.
Qe4 Qh6 29. Ng4 Qh4 30. f3 Be7 31. Nf2 Qh6 32. Rcd2 Kh8 33. Rd3 Rf6 34. Ng4 Qh5
35. Nxf6 Rxf6 36. Qa8+ Rf8 37. Qxa5 Qg5 38. Qd2 Qg3 39. Qf2 Qf4 40. Qe2 Qg3 41.
Qe4 h5 42. f4 Qh4 43. g3 Qxh3 44. Qg2 Qf5 45. fxe5 Qxe5 46. Qd5 Qe2 47. Qg2 Qe5
48. Rf3 Bf6 49. Rdf1 Qe6 50. Kh1 g6 51. Kh2 Kg7 52. Rxf6 Rxf6 53. Qb2 Qe5 54.
Qxe5 dxe5 55. Ra1 Rf2+ 1/2-1/2

[Event "World Rapid Women 2017"]
[Site "Riyadh KSA"]
[Date "2017.12.28"]
[Round "11.25"]
[White "Berend, Elvira"]
[Black "Gaponenko, Inna"]
[Result "1/2-1/2"]
[WhiteTitle "WGM"]
[BlackTitle "IM"]
[WhiteElo "2303"]
[BlackElo "2435"]
[WhiteFideId "4000510"]
[BlackFideId "14101181"]
[EventDate "2017.12.26"]

1. e4 c5 2. Nc3 Nc6 3. g3 g6 4. Bg2 Bg7 5. d3 d6 6. Nge2 Rb8 7. O-O b5 8. a3 a5
9. a4 bxa4 10. Nxa4 e5 11. f4 Nf6 12. Kh1 Bd7 13. fxe5 Nxe5 14. Nac3 O-O 15. b3
h6 16. Bd2 Nc6 17. Nf4 Nb4 18. Nfe2 Ng4 19. Bf4 Ne5 20. Qd2 Kh7 21. Rad1 Qc7 22.
Be3 Bg4 23. Rde1 Bxe2 24. Nxe2 Qd7 25. Nf4 a4 26. bxa4 Qxa4 27. c3 Nc2 28. Rc1
Nxe3 29. Qxe3 Rb2 30. h3 Qb5 31. Rcd1 Ra8 32. d4 Nc4 33. Qd3 Raa2 34. Rb1 Qb3
35. Rxb2 Rxb2 36. h4 Rd2 37. Qf3 cxd4 38. cxd4 Qxf3 39. Bxf3 Bxd4 40. Rd1 Be5
41. Rc1 Ne3 42. Rc7 Kg7 43. Ne6+ Kg8 44. Rc8+ Kh7 45. Rc7 Kg8 46. Rc8+ Kh7 47.
Rc7 Kg8 48. Rc8+ 1/2-1/2

[Event "World Rapid Women 2017"]
[Site "Riyadh KSA"]
[Date "2017.12.28"]
[Round "11.26"]
[White "Mammadova, Gulnar"]
[Black "Li, Ruofan"]
[Result "1-0"]
[WhiteTitle "IM"]
[BlackTitle "IM"]
[WhiteElo "2357"]
[BlackElo "2351"]
[WhiteFideId "13403508"]
[BlackFideId "8600643"]
[EventDate "2017.12.26"]

1. e4 c5 2. Nf3 a6 3. c4 d6 4. Nc3 Nc6 5. d4 Bg4 6. d5 Nd4 7. Be3 e5 8. dxe6
Nxf3+ 9. gxf3 Bxe6 10. Qb3 Qc7 11. f4 Nf6 12. f5 Bd7 13. O-O-O Bc6 14. f3 O-O-O
15. Rg1 Re8 16. Rg2 g6 17. Bg5 Nd7 18. fxg6 hxg6 19. Rgd2 Nb6 20. Bf4 Bh6 21.
Bxh6 Rxh6 22. Qc2 g5 23. h3 Kb8 24. a4 Nc8 25. Nd5 Bxd5 26. Rxd5 Rg6 27. Qd2 f6
28. Qc2 Rg7 29. R5d2 Rh8 30. Qc3 Rf7 31. Kb1 Rd8 32. Qe3 Qa5 33. f4 gxf4 34.
Qxf4 Qxa4 35. h4 Rh8 36. Be2 Qe8 37. Rd5 Re7 38. Bf3 Re5 39. h5 Nb6 40. Rxd6
Nxc4 41. Rd7 Qe6 42. Qc1 Rxe4 43. Bxe4 Qxe4+ 44. Ka2 Rxh5 45. Re1 Qg4 46. Rd8+
Ka7 47. Qc2 Re5 48. Rxe5 fxe5 49. b3 Nb6 50. Qxc5 Qe2+ 51. Ka3 Qe1 52. Kb2 Qe2+
53. Kc1 Qa2 54. Qxe5 a5 55. Qc5 Ka6 56. Qc2 Qxc2+ 57. Kxc2 a4 58. b4 Kb5 59. Kc3
a3 60. Kb3 a2 61. Rd1 Nc4 62. Rd5+ Kc6 63. Rc5+ Kb6 64. Kxa2 Nd6 65. Kb3 Nb5 66.
Rh5 Nd4+ 67. Kc4 Nc6 68. Rh6 Ka7 69. Kc5 Ne5 70. Rd6 Nc6 71. Rxc6 1-0

[Event "World Rapid Women 2017"]
[Site "Riyadh KSA"]
[Date "2017.12.28"]
[Round "11.27"]
[White "Cornette, Deimante"]
[Black "Javakhishvili, Lela"]
[Result "0-1"]
[WhiteTitle "IM"]
[BlackTitle "IM"]
[WhiteElo "2439"]
[BlackElo "2449"]
[WhiteFideId "12802859"]
[BlackFideId "13601458"]
[EventDate "2017.12.26"]

1. e4 d6 2. d4 Nf6 3. Nc3 g6 4. f4 Bg7 5. Bd3 Nc6 6. Nf3 Bg4 7. e5 Bxf3 8. gxf3
Nh5 9. Be3 O-O 10. Ne2 e6 11. Qd2 Bh6 12. O-O-O Ne7 13. Ng3 Ng7 14. h4 Ngf5 15.
Nxf5 gxf5 16. Bc4 c6 17. Kb1 b5 18. Bb3 a5 19. a3 d5 20. h5 Kh8 21. Bf2 Rg8 22.
Bh4 Qf8 23. Qc3 Rg2 24. Rhg1 Rxg1 25. Rxg1 Ng8 26. Qxc6 b4 27. a4 Bxf4 28. Bxd5
Rc8 29. Qa6 Be3 30. Rg2 Bxd4 31. f4 Be3 32. Bb3 Bxf4 33. Qxa5 Bh6 34. Qa6 f4 35.
Qe2 Qc5 36. Qe4 Qc6 37. Qxc6 Rxc6 38. a5 Ra6 39. Rd2 Rxa5 40. Rd8 Kg7 41. Rd7
Rxe5 42. Bf2 Nf6 43. Rb7 Re2 44. Bd4 f3 45. Rxb4 f2 46. Bxf2 Rxf2 47. c4 Be3 48.
Rb5 Ne4 49. Ba2 f5 50. Rb7+ Kh6 51. Re7 Ng5 52. b4 f4 53. c5 Bd4 54. Bxe6 Rb2+
55. Kc1 Rxb4 56. c6 Nxe6 57. Rxe6+ Kxh5 58. Kc2 Bb6 59. Kc3 Rb1 60. Kc2 Rb5 61.
Kd3 f3 62. Re7 f2 63. Rxh7+ Kg4 64. Rg7+ Kf3 65. Rf7+ Kg2 66. Rg7+ Kf1 67. Rb7
Rd5+ 68. Ke4 Rd4+ 69. Kf3 Rd3+ 70. Ke4 Ke2 71. Rxb6 f1=Q 72. Rb2+ Rd2 73. Rxd2+
Kxd2 74. Kd5 Qf4 0-1

[Event "World Rapid Women 2017"]
[Site "Riyadh KSA"]
[Date "2017.12.28"]
[Round "11.28"]
[White "Gvetadze, Sofio"]
[Black "Ambartsumova, Karina"]
[Result "1-0"]
[WhiteTitle "IM"]
[BlackTitle "WGM"]
[WhiteElo "2289"]
[BlackElo "2359"]
[WhiteFideId "13601440"]
[BlackFideId "4166299"]
[EventDate "2017.12.26"]

1. d4 Nf6 2. Nf3 g6 3. Bf4 Bg7 4. e3 O-O 5. h3 d6 6. Be2 Nc6 7. O-O Nd7 8. Bh2
e5 9. c3 e4 10. Nfd2 f5 11. c4 Nf6 12. Nc3 a6 13. Nd5 Ne7 14. Qb3 Nexd5 15. cxd5
b6 16. Nb1 Bb7 17. Nc3 Qe7 18. a4 g5 19. Rae1 Rae8 20. Bc4 Qf7 21. f3 exf3 22.
Rxf3 Bc8 23. Bd3 f4 24. e4 Nh5 25. Qc4 g4 26. hxg4 Bxg4 27. Rf2 f3 28. e5 Qe7
29. Ne4 Nf4 30. Bxf4 Rxf4 31. g3 Rff8 32. e6 a5 33. Rh2 Bf5 34. Kf2 Bg6 35. Re3
Rf5 36. Nd2 Rff8 37. Nxf3 Qg5 38. Bxg6 Qxg6 39. Kg2 Bh6 40. Re1 Bf4 41. Rh3 Re7
42. Qe2 Bh6 43. Qe4 Qf6 44. Reh1 1-0

[Event "World Rapid Women 2017"]
[Site "Riyadh KSA"]
[Date "2017.12.28"]
[Round "11.29"]
[White "Szczepkowska, Karina"]
[Black "Zhukova, Natalia"]
[Result "0-1"]
[WhiteTitle "IM"]
[BlackTitle "GM"]
[WhiteElo "2419"]
[BlackElo "2444"]
[WhiteFideId "1122681"]
[BlackFideId "14101513"]
[EventDate "2017.12.26"]

1. d4 e6 2. c4 c5 3. d5 exd5 4. cxd5 d6 5. Nc3 g6 6. Nf3 Bg7 7. Nd2 Nf6 8. Nc4
O-O 9. Bf4 b5 10. Nxb5 Ne4 11. g3 g5 12. Bxd6 Re8 13. Bg2 Ba6 14. Qb3 Bxb5 15.
Qxb5 Nd7 16. O-O a6 17. Qa4 Nxd6 18. Nxd6 Rxe2 19. Nf5 Bf6 20. Rab1 Rb8 21. Qxa6
Rbxb2 22. Rxb2 Rxb2 23. d6 Ne5 24. Bd5 c4 25. Bxc4 Nf3+ 26. Kg2 Nd2 27. Nh6+ Kg7
28. Nf5+ Kg8 29. Nh6+ Kg7 30. Nxf7 Qe8 31. Bd5 Nxf1 32. Qa7 Ne3+ 33. Kf3 g4+ 34.
Kf4 Rxf2+ 0-1

[Event "World Rapid Women 2017"]
[Site "Riyadh KSA"]
[Date "2017.12.28"]
[Round "11.30"]
[White "Melia, Salome"]
[Black "Doluhanova, Evgeniya"]
[Result "1-0"]
[WhiteTitle "IM"]
[BlackTitle "WGM"]
[WhiteElo "2404"]
[BlackElo "2352"]
[WhiteFideId "13602446"]
[BlackFideId "14112035"]
[EventDate "2017.12.26"]

1. e4 c5 2. Nf3 d6 3. Bb5+ Nd7 4. c3 a6 5. Ba4 b5 6. Bc2 Ngf6 7. O-O e5 8. d4
Bb7 9. Re1 g6 10. a4 Bg7 11. Na3 O-O 12. Rb1 exd4 13. cxd4 Re8 14. d5 Qb6 15. h3
Rac8 16. b3 Rb8 17. Bd2 Nh5 18. Bd3 b4 19. Nc4 Qc7 20. a5 Rbd8 21. g4 Nhf6 22.
Bf4 Ne5 23. Nfxe5 dxe5 24. Be3 h5 25. Bg5 hxg4 26. hxg4 Rd7 27. Nb6 Rd6 28. Rc1
Nd7 29. Nc4 f5 30. Nxd6 Qxd6 31. exf5 Kf8 32. fxg6 Nf6 33. Bf5 Nxd5 34. Qf3 Kg8
35. Be4 Rf8 36. Qh1 Re8 37. Rcd1 1-0

[Event "World Rapid Women 2017"]
[Site "Riyadh KSA"]
[Date "2017.12.28"]
[Round "11.31"]
[White "Charkhalashvili, Inga"]
[Black "Gunina, Valentina"]
[Result "0-1"]
[WhiteTitle "WGM"]
[BlackTitle "GM"]
[WhiteElo "2355"]
[BlackElo "2510"]
[WhiteFideId "13601431"]
[BlackFideId "4167570"]
[EventDate "2017.12.26"]

1. d4 Nf6 2. c4 e6 3. Nc3 d5 4. Bg5 c6 5. e3 Nbd7 6. Nf3 Qa5 7. Nd2 Bb4 8. Qc2
c5 9. Nb3 Qa4 10. Bxf6 Nxf6 11. dxc5 Qc6 12. a3 Bxc3+ 13. Qxc3 O-O 14. cxd5 Nxd5
15. Qc2 b6 16. Bd3 Nf6 17. O-O Bb7 18. f3 Rac8 19. Rac1 e5 20. Bf5 Rb8 21. Rfd1
Rfd8 22. Qe2 g6 23. Bb1 Qe6 24. Ba2 Rxd1+ 25. Qxd1 bxc5 26. Bb1 Bxf3 27. Qxf3
Qxb3 28. Rf1 Rb6 29. g4 h6 30. h4 Kg7 31. g5 hxg5 32. hxg5 Nh7 33. Qg3 Qxb2 34.
Be4 Qc3 35. Bd5 f6 36. gxf6+ Nxf6 37. Bg2 Nh5 38. Qh3 Rf6 39. Rd1 Kh6 40. Rd8
Qa5 41. Rd5 Rf5 42. Be4 Qe1+ 43. Kh2 Rg5 44. Bg2 Rg3 45. Qd7 Qxe3 46. Rd2 Qf4
47. Kh1 Rxa3 48. Qd8 Ra1+ 49. Rd1 Rxd1+ 50. Qxd1 Qh4+ 51. Kg1 Qd4+ 0-1

[Event "World Rapid Women 2017"]
[Site "Riyadh KSA"]
[Date "2017.12.28"]
[Round "11.32"]
[White "Sukandar, Irine Kharisma"]
[Black "Skripchenko, Almira"]
[Result "1/2-1/2"]
[WhiteTitle "IM"]
[BlackTitle "IM"]
[WhiteElo "2384"]
[BlackElo "2403"]
[WhiteFideId "7101937"]
[BlackFideId "13900145"]
[EventDate "2017.12.26"]

1. d4 Nf6 2. Bf4 e6 3. e3 b6 4. Nf3 Bb7 5. Nbd2 Be7 6. h3 O-O 7. Bd3 c5 8. c3 d5
9. Ne5 Nc6 10. O-O Nxe5 11. dxe5 Ne4 12. Nf3 Bc6 13. Qc2 h6 14. Rfd1 Ng5 15. Nh2
Qe8 16. b3 b5 17. c4 bxc4 18. bxc4 Ba4 19. Qe2 Bxd1 20. Rxd1 Ne4 21. Bc2 f5 22.
exf6 Nxf6 23. Ng4 Rd8 24. Bc7 Rc8 25. Be5 Nxg4 26. Qxg4 Qf7 27. f4 Bf6 28. Bg6
Qe7 29. cxd5 Bxe5 30. fxe5 exd5 31. Bf5 Rxf5 32. Qxf5 Rf8 33. Qd3 Rd8 34. Qf5
Rf8 35. Qd3 Rd8 36. Qf5 Rf8 1/2-1/2

[Event "World Rapid Women 2017"]
[Site "Riyadh KSA"]
[Date "2017.12.28"]
[Round "11.33"]
[White "Socko, Monika"]
[Black "Saduakassova, Dinara"]
[Result "1-0"]
[WhiteTitle "GM"]
[BlackTitle "IM"]
[WhiteElo "2471"]
[BlackElo "2460"]
[WhiteFideId "1106619"]
[BlackFideId "13700090"]
[EventDate "2017.12.26"]

1. d4 Nf6 2. c4 e6 3. g3 d5 4. Bg2 dxc4 5. Qa4+ Bd7 6. Qxc4 c5 7. Bxb7 Nc6 8.
Bxc6 Bxc6 9. Nf3 Rc8 10. O-O Bxf3 11. exf3 cxd4 12. Qa6 Bc5 13. b4 Bb6 14. a4 d3
15. Bd2 Rc7 16. a5 Bd4 17. Ra3 Rd7 18. Kg2 Be5 19. Re1 Bb8 20. Re3 O-O 21. Rexd3
Nd5 22. Qc4 Bd6 23. Rab3 Rc7 24. Qe4 Qc8 25. Na3 a6 26. Rd4 Qb8 27. Rc4 Rfc8 28.
Qd3 Qa8 29. Rxc7 Bxc7 30. b5 axb5 31. Nxb5 Bd8 32. Nd6 Rb8 33. Rxb8 Qxb8 34. Qa6
h6 35. Qc6 Qb2 36. Ne4 Kf8 37. a6 Bb6 38. Qc8+ Ke7 39. Qb7+ Nc7 40. a7 f5 41.
a8=Q fxe4 42. Qa4 exf3+ 43. Qxf3 Qxd2 44. Qaf4 Qe1 45. Qa3+ Kd7 46. Qaa4+ Kc8
47. Qf8+ Kb7 48. Qf3+ Nd5 49. Qd7+ Bc7 50. Qb5+ Bb6 51. Qbe2 1-0

[Event "World Rapid Women 2017"]
[Site "Riyadh KSA"]
[Date "2017.12.28"]
[Round "11.34"]
[White "Voit, Daria"]
[Black "Sedina, Elena"]
[Result "1-0"]
[WhiteTitle "FM"]
[BlackTitle "IM"]
[WhiteElo "2390"]
[BlackElo "2312"]
[WhiteFideId "4182146"]
[BlackFideId "812153"]
[EventDate "2017.12.26"]

1. d4 d5 2. c4 c6 3. Nf3 Nf6 4. Nc3 dxc4 5. a4 Bf5 6. Ne5 Nbd7 7. Nxc4 Nb6 8.
Ne5 a5 9. h4 e6 10. f3 h6 11. e4 Bh7 12. Be3 Nfd7 13. Qb3 Nxe5 14. dxe5 Bb4 15.
Rd1 Qc7 16. Bd3 Nd7 17. f4 Nc5 18. Qc2 O-O 19. Kf2 Rad8 20. Kf3 Rxd3 21. Rxd3
Nxd3 22. Qxd3 Rd8 23. Qc4 Qe7 24. h5 Kh8 25. Na2 f5 26. exf6 gxf6 27. Nxb4 axb4
28. g4 f5 29. Bd4+ Kg8 30. gxf5 Kf8 31. Bc5 1-0

[Event "World Rapid Women 2017"]
[Site "Riyadh KSA"]
[Date "2017.12.28"]
[Round "11.35"]
[White "Zatonskih, Anna"]
[Black "Enkhtuul, Altan-Ulzii"]
[Result "1/2-1/2"]
[WhiteTitle "IM"]
[BlackTitle "WGM"]
[WhiteElo "2452"]
[BlackElo "2344"]
[WhiteFideId "14101572"]
[BlackFideId "4901444"]
[EventDate "2017.12.26"]

1. d4 Nf6 2. c4 c5 3. d5 b5 4. cxb5 a6 5. bxa6 g6 6. Nc3 Bg7 7. Nf3 d6 8. e4 O-O
9. a4 Nxa6 10. Bb5 Nb4 11. O-O Ba6 12. Re1 Bxb5 13. Nxb5 Nd7 14. Rb1 c4 15. Nfd4
Nc5 16. b3 Nbd3 17. Re2 cxb3 18. Nxb3 Rxa4 19. Nxc5 Nxc5 20. f3 Qa8 21. Be3 Rc8
22. h3 Ra2 23. Bd4 Qa4 24. Rxa2 Qxa2 25. Ra1 Qb3 26. Bxg7 Qxd1+ 27. Rxd1 Kxg7
28. Nd4 Ra8 29. Rd2 h6 30. Kf2 Ra3 31. Ke2 Na4 32. Kf2 Nc5 33. Ke2 Kf6 34. Nb5
Rb3 35. Nd4 Ra3 36. Nb5 Ra5 37. Nd4 Ra6 38. Kf2 Ra3 39. Ke2 Ra4 40. Kf2 h5 41.
h4 Nd7 42. Nc6 Ne5 43. Nxe5 Kxe5 44. Kg3 Ra3 45. Rb2 f5 46. Rb7 Kf6 47. Kf4 Ra2
48. g3 Ra4 49. Rb8 fxe4 50. fxe4 Ra3 51. Rf8+ Kg7 52. Rb8 Kf6 53. Rf8+ Kg7 54.
Rc8 Kf7 55. Rb8 Rc3 56. Ra8 Rb3 57. Rc8 Ra3 58. Rb8 Kf6 59. Rf8+ Kg7 60. Rb8 Kf7
61. Rc8 Kf6 62. Rf8+ Kg7 63. Re8 Kf7 64. Rb8 Kf6 65. Rf8+ 1/2-1/2

[Event "World Rapid Women 2017"]
[Site "Riyadh KSA"]
[Date "2017.12.28"]
[Round "11.36"]
[White "Arakhamia-Grant, Ketevan"]
[Black "Ding, Yixin"]
[Result "0-1"]
[WhiteTitle "GM"]
[BlackTitle "WGM"]
[WhiteElo "2350"]
[BlackElo "2424"]
[WhiteFideId "13600168"]
[BlackFideId "8602972"]
[EventDate "2017.12.26"]

1. e4 g6 2. d4 Bg7 3. Nc3 c6 4. Nf3 d5 5. e5 f6 6. Bd3 Nh6 7. O-O O-O 8. exf6
exf6 9. h3 Re8 10. Bf4 Nd7 11. Qd2 Nf7 12. Rfe1 Nf8 13. Rxe8 Qxe8 14. Ne2 Ne6
15. Bh2 Neg5 16. Nxg5 Nxg5 17. h4 Ne6 18. Re1 Qf7 19. Qb4 Bf8 20. Qb3 b5 21. a4
bxa4 22. Qxa4 Bd7 23. Qa5 Be7 24. c4 Qf8 25. Qa2 Bd6 26. Bxd6 Qxd6 27. cxd5 cxd5
28. h5 Kg7 29. Qb1 Be8 30. Qc1 Rb8 31. hxg6 hxg6 32. Qd2 Qb4 33. Nc3 Nxd4 34.
Qe3 Bf7 35. Qg3 Rb7 36. Re3 Rd7 37. Qh3 Re7 38. Qg3 Rxe3 39. fxe3 Ne6 40. Nxd5
Qxb2 41. Ne7 Qc1+ 42. Kh2 Ng5 43. Qf4 Qc5 44. Nxg6 Bxg6 0-1

[Event "World Rapid Women 2017"]
[Site "Riyadh KSA"]
[Date "2017.12.28"]
[Round "11.37"]
[White "Mammadzada, Gunay"]
[Black "Galojan, Lilit"]
[Result "0-1"]
[WhiteTitle "WGM"]
[BlackTitle "IM"]
[WhiteElo "2333"]
[BlackElo "2300"]
[WhiteFideId "13403729"]
[BlackFideId "13301314"]
[EventDate "2017.12.26"]

1. e4 e5 2. Nf3 Nc6 3. Bb5 a6 4. Ba4 Nf6 5. O-O Be7 6. Re1 b5 7. Bb3 O-O 8. d4
d6 9. c3 Bg4 10. Be3 exd4 11. cxd4 Na5 12. Bc2 c5 13. h3 Bh5 14. Nbd2 Rc8 15. g4
Bg6 16. d5 Nd7 17. Bf4 Re8 18. Rb1 c4 19. b4 cxb3 20. axb3 Rc3 21. b4 Qc7 22.
Rc1 Rc8 23. bxa5 Rxc2 24. Rxc2 Qxc2 25. Qxc2 Rxc2 26. Nd4 Rc3 27. Nc6 Bf8 28.
Re3 Rc1+ 29. Kh2 f6 30. Nb3 Rc4 31. Nbd4 Ne5 32. f3 Be8 33. Bxe5 fxe5 34. Nf5 g6
35. Ng3 Bh6 36. Re2 Bxc6 37. dxc6 Bf4 38. Kg2 Rxc6 39. Rb2 Kf7 40. Kf2 Bxg3+ 41.
Kxg3 Ke6 42. h4 h6 43. Rb3 Rc4 44. h5 g5 45. Kf2 Kd7 46. Ke3 Rc2 47. Ra3 Kc6 48.
Kd3 Rc1 49. Kd2 Rc5 50. Ra1 b4 51. Ke2 Rc2+ 52. Kd3 Rc3+ 53. Ke2 Kb5 54. Rd1 Rc6
55. Rd5+ Ka4 56. Kd2 b3 0-1

[Event "World Rapid Women 2017"]
[Site "Riyadh KSA"]
[Date "2017.12.28"]
[Round "11.38"]
[White "Bivol, Alina"]
[Black "Michna, Marta"]
[Result "0-1"]
[WhiteTitle "WGM"]
[BlackTitle "WGM"]
[WhiteElo "2356"]
[BlackElo "2377"]
[WhiteFideId "4100123"]
[BlackFideId "1106686"]
[EventDate "2017.12.26"]

1. Nf3 d6 2. d4 g6 3. g3 Bg7 4. Bg2 Nd7 5. O-O e5 6. dxe5 dxe5 7. Nc3 Ngf6 8.
Bg5 h6 9. Bxf6 Qxf6 10. Nd5 Qd8 11. c4 O-O 12. Qc2 c6 13. Nc3 Qe7 14. Rad1 a5
15. Rd2 Nc5 16. e4 Bg4 17. Ne1 Rfd8 18. h3 Rxd2 19. Qxd2 Rd8 20. Qc2 Be6 21. b3
Qd7 22. Nf3 Qc8 23. Kh2 Rd7 24. a3 Qd8 25. Ra1 Qb6 26. Rb1 Nd3 27. Kg1 Bf8 28.
Bf1 Nxf2 29. Na4 Nxh3+ 30. Kg2 Qd8 31. Qc3 Ng5 32. Qxe5 Bg7 33. Qf4 Nxf3 34.
Qxf3 Rd2+ 35. Be2 Qd4 36. Rd1 h5 37. Rxd2 Qxd2 38. Qd3 Qxd3 39. Bxd3 Bd4 40. b4
axb4 41. axb4 Kf8 42. c5 Ke7 43. Nb6 Bc3 44. b5 Bd4 45. bxc6 bxc6 46. Nc4 Bxc5
47. Kf3 Bd4 48. Kf4 Bxc4 49. Bxc4 f6 50. Bg8 c5 51. Bc4 Be5+ 52. Kf3 g5 53. Bd5
Bd4 54. Bc4 Be5 55. Bd5 Kd6 56. Bf7 h4 57. gxh4 gxh4 58. Kg4 Bg3 59. Kf3 Ke5 60.
Bd5 Kd4 61. Kg4 c4 0-1